000 00866nam a2200289 a 4500
001 22850
003 SK-KTurca
005 20260429132641.0
008 040315s2004 xo g 000 1 slo c
020 _a8055106991 (viaz.)
035 _aUKB000337595
040 _aBA001
_bslo
_cBA001
_eAACR2
041 1 _aslo
_heng
044 _axo
_cSK
080 _a820-311.4
100 1 _aLloyd, Josie
245 0 0 _aChlapec odvedľa
_cJosie Lloydová, Emlyn Rees ; [z anglického originálu preložila Mária Klenková]
260 _aBratislava
_bIkar
_c2004
300 _a255 s
650 0 7 _aliteratúra anglická
_xromány spoločenské
650 0 7 _aromány spoločenské anglické
653 _a820-311.4
700 1 _aRees, Emlyn
_4aut
700 1 _aKlenková, Mária
_4trl
765 0 _t<<The>> boy next door
_aLloyd, Josie
_aRees, Emlyn
942 _2ddc
_cKLDO
_n0
999 _c22850
_d22850